000
002950000a22001330004500
003
MACL
040
_a
MACL
090
_c
47905
_d
47903
100
_a
Berlitz.Charles
245
_a
The Philadelphia Experiment
260
_a
U.S.A.
_b
Souvenir Press
_c
1997
650
_a
Novel
942
_c
BOOK
_k
823/BER
999
_c
47398
_d
47398